000 00537nam a2200169 a 4500
001 000016191
005 20200929164319.0
008 100301s1992 dr ac 000 0 spa d
040 _aDO-SdBNP
082 _axxx
_bG643j
100 1 _aGonzález Cahuante, L. Almanzor
_936225
245 1 3 _aEl juicio del siglo :
_bproceso Jorge Blanco - Cuervo Gomez /
_cL. Almanzor González Cahuante.
260 _aSanto Domingo :
_bCorripio,
_c1992.
300 _a977 p. :
_bil., retr. ;
_c24 cm.
500 _aIncluye índice de nombres
049 _aBNPD
999 _c15730
_d15730